000
00237nam a2200097Ia 4500
008
190216s9999||||xx |||||||||||||| ||und||
100
_a
Philips Price M
245
0
_a
History Of Turkey
260
_b
"Kitab Bhavan, New Delhi-2"
942
_c
BK
999
_c
19048
_d
19048